Hra o čistý priemysel

Dohoda o čistom priemysle mobilizuje spolu 100 miliárd eur, no nie je právne záväzná. Bude na nej stavať legislatíva, ktorú musí schváliť Európsky parlament aj členské štáty.

Salvato in:
Dettagli Bibliografici
Autore principale: Kováčová, Marína
Natura: Capitolo di libro
Lingua:slovacco
Soggetti:
Tags: Aggiungi Tag
Nessun Tag, puoi essere il primo ad aggiungerne!!

MARC

LEADER 00000naa a2200000 4500
001 0312457
005 20250926101729.9
041 0 |a slo 
044 |a CZ 
245 1 0 |a Hra o čistý priemysel  |c Marína Kováčová 
520 |a Dohoda o čistom priemysle mobilizuje spolu 100 miliárd eur, no nie je právne záväzná. Bude na nej stavať legislatíva, ktorú musí schváliť Európsky parlament aj členské štáty. 
610 2 0 |a zmeny klimatické 
610 2 0 |a dekarbonizácia 
610 2 0 |a priemysel 
610 2 0 |a ekonomika zelená 
610 2 0 |a dohody medzinárodné 
610 2 0 |a transformácia energetická 
100 1 |a Kováčová, Marína